Capital cities with more than one E in their name - Statistics

General Stats
  • This quiz has been taken 51 times
  • The average score is 10 of 16
Answer Stats
Answer % Correct
Buenos Aires
82%
Freetown
70%
New Delhi
70%
Montevideo
68%
Vientiane
68%
Bloemfontein
66%
Yerevan
66%
Copenhagen
57%
Georgetown
57%
Belgrade
55%
Jerusalem
55%
Bandar Seri Begawan
52%
Basseterre
52%
Libreville
52%
Sri Jayawardenepura Kotte
52%
Saint George’s
43%
No matching quizzes found
Score Distribution
Percent of People with Each Score
Percentile by Number Answered
Your Score History
You have not taken this quiz